Normal view
MARC view
- Lütjering, G.
Entry Personal Name
001 - CONTROL NUMBER
- control field: 82907
003 - CONTROL NUMBER IDENTIFIER
- control field: NUST
005 - DATE AND TIME OF LATEST TRANSACTION
- control field: 20211001113010.0
008 - FIXED-LENGTH DATA ELEMENTS
- fixed length control field: 211001|| aca||aabn | a|a d
040 ## - CATALOGING SOURCE
- Original cataloging agency: NUST
- Transcribing agency: NUST
100 ## - HEADING--PERSONAL NAME
- Personal name: Lütjering, G.
- Fuller form of name: (Gerd)
670 ## - SOURCE DATA FOUND
- Source citation: Work cat.: (NUST)32569: Lütjering, G. (Gerd), Titanium, c2007.
